00691nam a2200241 a 4500001001300000003000900013005001700022008004100039020001000080082001600090100003000106245001800136260004300154300000800197500003500205505001700240650001800257700003000275902000800305942000700313952011600320999001300436nice12345678IN_TiNIC20260116011306.0050524s1933 hyda grp 000 0 eng  ac10000a297.52bANJ aAnjuman Taraqqi-I-Islam,  aMuslim Prayer aHyderabadbAnjuman Taraqqi Islamc1933 a50p aincludes index and biblioraphy2 aIndex, Illus aIslam-Prayers1 aAnjuman Taraqqi-I-Islam,  bSRS cBK 001040708StackRoom-aHMIbHMId2007-07-04g100.00l0o297.52 ANJp01537r2007-07-04v100.00w2005-05-24yBK c231d231